000 00204 a2200097 4500
001 3444
100 _aSanger, C
245 _aCentral afreican emergency
260 _a
_bHeinemann
_c
090 _c2711
_d2711
942 _aNUST-CAE
_cM
_c19014
999 _c238517
_d238517